Movies That Begin With A Quiz Stats

 Plays Quiz not verified by Sporcle

Score 0/30 Timer 11:00
0 Plays Today
Year, Genre, Actor Movie % Correct
2001, Sports, Will SmithAli
92.3%
1979, Thriller, Sigourney WeaverAlien
85.7%
1999, Comedy, Jason BiggsAmerican Pie
82.4%
1999, Drama, Kevin SpaceyAmerican Beauty
75.8%
2009, Sci Fi, Sam WorthingtonAvatar
74.7%
1978, Comedy, John BelushiAnimal House
70.3%
2010, Fantasy, Johnny DeppAlice in Wonderland
69.2%
1979, War, Robert DuvallApocalypse Now
68.1%
1992, Animated, Robin WilliamsAladdin
65.9%
1977, Comedy, Woody AllenAnnie Hall
63.7%
1997, Comedy, Mike MyersAustin Powers International Man of Mystery
62.6%
1999, Sports, Al PacinoAny Given Sunday
58.2%
1998, Action, Bruce WillisArmageddon
57.1%
2004, Drama, Leonardo DiCaprioThe Aviator
56%
1997, Thriller, Harrison FordAir Force One
54.9%
Year, Genre, Actor Movie % Correct
2000, Comedy, Kate HudsonAlmost Famous
50.5%
1995, Adventure, Tom HanksApollo 13
48.4%
2007, Crime, Denzel WashingtonAmerican Gangster
46.2%
2010, Action, Bradley CooperThe A Team
40.7%
2001, Crime, Morgan FreemanAlong Came a Spider
40.7%
2009,Comedy, Jesse EisenbergAdventureland
38.5%
1973, Drama, Richard DreyfussAmerican Graffiti
37.4%
1989, Sci Fi, Ed HarrisThe Abyss
36.3%
2004, Comedy, Will FerrellAnchorman The Legend of Ron Burgundy
36.3%
2007, Musical, Evan Rachel WoodAcross the Universe
35.2%
2007, Crime, Emile HirschAlpha Dog
34.1%
2001, Sci Fi, Jude LawA.I. Artificial Intelligence
19.8%
2006, Adventure, Rudy YoungbloodApocalypto
9.9%
2009, Animated, Nicholas CageAstro Boy
9.9%
2006, Drama, James FrancoAnnapolis
7.7%

You're not logged in!

Compare scores with friends on all Sporcle quizzes.
OR
Log In

Show Comments

Extras

Top Quizzes Today


Score Distribution

Your Account Isn't Verified!

In order to create a playlist on Sporcle, you need to verify the email address you used during registration. Go to your Sporcle Settings to finish the process.

Report this User

Report this user for behavior that violates our Community Guidelines.

Details: